[Event "17. OIBM Bad Wiessee"]
[Site "Bad Wiessee"]
[Date "2013.10.30"]
[Round "6.8"]
[White "Buchal, Stephan"]
[Black "Eingorn, Vereslav S"]
[Result "1/2-1/2"]
[WhiteElo "2312"]
[BlackElo "2548"]
[PlyCount "48"]
[EventDate "2013.??.??"]
[WhiteTeam "SA SV Werder Bremen"]

1. c4 b6 2. Nc3 e6 3. e4 Bb7 4. g3 f5 5. Bg2 Nf6 6. d3 Bb4 7. Nge2 fxe4 8. O-O
O-O 9. dxe4 e5 10. Nd5 a5 11. Bg5 Nc6 12. f4 Be7 13. Nec3 d6 14. Nxe7+ Nxe7 15.
fxe5 dxe5 16. Bxf6 gxf6 17. Qg4+ Ng6 18. Qe6+ Rf7 19. Rad1 Qe8 20. Rxf6 Qxe6
21. Rxe6 Raf8 22. Nd5 Bc8 23. Rc6 Bb7 24. Re6 Bc8 1/2-1/2

[Event "17. OIBM Bad Wiessee"]
[Site "Bad Wiessee"]
[Date "2013.10.30"]
[Round "6.9"]
[White "Eggleston, David"]
[Black "Postny, Evgeny"]
[Result "1/2-1/2"]
[WhiteElo "2399"]
[BlackElo "2631"]
[PlyCount "177"]
[EventDate "2013.??.??"]
[WhiteTeam "Durham"]
[BlackTeam "SC Eppingen"]

1. e4 e5 2. Nf3 Nc6 3. Bc4 Bc5 4. c3 Nf6 5. d3 O-O 6. O-O d5 7. exd5 Nxd5 8.
Re1 Bg4 9. h3 Bh5 10. Nbd2 Nb6 11. Bb5 Bd6 12. Ne4 Re8 13. Ng3 Bg6 14. Bg5 Qd7
15. Nh4 a6 16. Bxc6 Qxc6 17. Nxg6 hxg6 18. h4 Bf8 19. h5 Nd7 20. Re4 Nc5 21.
Rh4 Ne6 22. Be3 g5 23. Re4 Qd5 24. Qg4 f6 25. Qf5 Qxd3 26. h6 Qd7 27. Qg6 Kh8
28. Nh5 Qe7 29. g3 Red8 30. Kg2 Qe8 31. hxg7+ Bxg7 32. Qf5 Qe7 33. Rh1 Kg8 34.
Nxg7 Nxg7 35. Qh7+ Kf7 36. Rh6 Rh8 37. Qg6+ Ke6 38. Bxg5 Rxh6 39. Bxh6 Ne8 40.
f4 Kd7 41. fxe5 fxe5 42. Bf4 Qe6 43. Qh7+ Qe7 44. Qxe7+ Kxe7 45. Bxe5 Kf7 46.
Kf3 c5 47. Rh4 Ke6 48. Ke4 b5 49. Rh6+ Kf7 50. Rh7+ Kg6 51. Re7 Nf6+ 52. Bxf6
Kxf6 53. Re5 c4 54. g4 Rh8 55. Rh5 Re8+ 56. Kf3 Kg6 57. Kf2 Rd8 58. Ke2 Re8+
59. Kd2 Re4 60. Rc5 Rxg4 61. a3 Rg2+ 62. Kc1 Rg1+ 63. Kc2 Kf6 64. a4 Ke6 65.
axb5 axb5 66. Rxb5 Kd6 67. Rh5 Kc6 68. Rh2 Kc5 69. Rd2 Rh1 70. Rd1 Rh2+ 71. Kb1
Rh8 72. Rg1 Rf8 73. Rg7 Kb6 74. Rg2 Kc5 75. Kc2 Rd8 76. Rd2 Rh8 77. Kd1 Re8 78.
Re2 Rd8+ 79. Ke1 Rh8 80. Kf2 Rf8+ 81. Kg3 Rg8+ 82. Kf4 Rf8+ 83. Kg5 Kb5 84.
Re5+ Ka4 85. Rc5 Kb3 86. Rb5+ Kc2 87. Rc5 Kd3 88. Rd5+ Kc2 89. Rc5 1/2-1/2

[Event "17. OIBM Bad Wiessee"]
[Site "Bad Wiessee"]
[Date "2013.10.30"]
[Round "6.10"]
[White "Eichhorn, Andreas"]
[Black "Delchev, Aleksander"]
[Result "0-1"]
[WhiteElo "2331"]
[BlackElo "2643"]
[PlyCount "42"]
[EventDate "2013.??.??"]
[WhiteTeam "Kölner SK Dr. Lasker 186"]
[BlackTeam "SV Deggendorf"]

1. e4 c5 2. Nf3 e6 3. d4 cxd4 4. Nxd4 a6 5. Bd3 Nf6 6. O-O Qc7 7. c4 Nc6 8.
Nxc6 dxc6 9. Nc3 e5 10. Qc2 Bc5 11. Rb1 a5 12. a3 Qe7 13. Na4 Bd4 14. Bg5 b6
15. Rfe1 O-O 16. Be3 Bxe3 17. Rxe3 Rb8 18. b4 axb4 19. Rxb4 Qa7 20. Qb2 Nd7 21.
Be2 c5 0-1

[Event "17. OIBM Bad Wiessee"]
[Site "Bad Wiessee"]
[Date "2013.10.30"]
[Round "6.12"]
[White "Giemsa, Stephan"]
[Black "Bogner, Sebastian"]
[Result "1/2-1/2"]
[WhiteElo "2321"]
[BlackElo "2552"]
[PlyCount "54"]
[EventDate "2013.??.??"]
[WhiteTeam "SK König Tegel 1949 e.V."]
[BlackTeam "SC Eppingen"]

1. d4 Nf6 2. c4 c5 3. d5 b5 4. Qc2 g6 5. e4 d6 6. cxb5 Bg7 7. Nf3 a6 8. a4 O-O
9. Nc3 e6 10. dxe6 Bxe6 11. Be2 axb5 12. Bxb5 Na6 13. O-O Nb4 14. Qe2 Qc7 15.
Bf4 c4 16. Rfd1 Nd3 17. Rxd3 cxd3 18. Qxd3 Rfd8 19. Nd4 Bd7 20. Rd1 Qc5 21.
Bxd7 Rxd7 22. Ndb5 Rad8 23. Be3 Qh5 24. Bb6 Re8 25. f3 Bh6 26. Bd4 Qg5 27. b4
Nh5 1/2-1/2

[Event "17. OIBM Bad Wiessee"]
[Site "Bad Wiessee"]
[Date "2013.10.30"]
[Round "6.13"]
[White "Krämer, Martin"]
[Black "Faibisovich, Vadim"]
[Result "1-0"]
[WhiteElo "2546"]
[BlackElo "2344"]
[PlyCount "149"]
[EventDate "2013.??.??"]
[WhiteTeam "Sfrd. Berlin 1903 e.V."]

1. d4 Nf6 2. c4 e6 3. g3 d5 4. Nf3 dxc4 5. Bg2 Be7 6. Qa4+ Bd7 7. Qxc4 Nc6 8.
O-O Rc8 9. Nc3 Na5 10. Qd3 c5 11. Rd1 cxd4 12. Nxd4 O-O 13. Ndb5 Bxb5 14. Qxb5
Qb6 15. Qxb6 axb6 16. Bf4 Rfd8 17. Rxd8+ Rxd8 18. Rc1 h6 19. Na4 b5 20. Bc7 Ra8
21. Nb6 Ra6 22. Nc8 Bf8 23. Rd1 Nc6 24. a3 b4 25. axb4 Bxb4 26. Nd6 Bxd6 27.
Bxd6 Rb6 28. Rd2 Rb5 29. e3 Nd5 30. Bf1 Ra5 31. Bc4 Nb6 32. Be2 Rd5 33. Rxd5
Nxd5 34. Kf1 f5 35. Ke1 Kf7 36. Kd2 Ke8 37. Bh5+ Kd7 38. Bf8 Nf6 39. Bf3 Ne8
40. h4 b6 41. Bh5 Nf6 42. Be2 Ne8 43. h5 Kc7 44. Bb5 Kd7 45. Kd3 Kc7 46. Bxc6
Kxc6 47. Kd4 Kd7 48. Ke5 Nf6 49. Bxg7 Ng4+ 50. Kd4 Nxf2 51. Bxh6 Ke7 52. Bg5+
Kf7 53. b4 Ne4 54. Bf4 Nf6 55. Ke5 Nd5 56. Bg5 Kg7 57. b5 Kf7 58. Kd4 Nc7 59.
Kc4 Nd5 60. Bf4 Kg7 61. Kd4 Kf6 62. Kc4 Kg7 63. Kd3 Kf6 64. Kd4 Kf7 65. Be5 Kg8
66. e4 fxe4 67. Kxe4 Kh7 68. g4 Kh6 69. Bf4+ Kh7 70. Ke5 Nc7 71. Kf6 Nd5+ 72.
Ke5 Nc7 73. g5 Nxb5 74. Kxe6 Nd4+ 75. Kf7 1-0

[Event "17. OIBM Bad Wiessee"]
[Site "Bad Wiessee"]
[Date "2013.10.30"]
[Round "6.14"]
[White "Prusikin, Michael"]
[Black "Singer, Christoph"]
[Result "1/2-1/2"]
[WhiteElo "2546"]
[BlackElo "2343"]
[PlyCount "109"]
[EventDate "2013.??.??"]
[WhiteTeam "TV Tegernsee"]
[BlackTeam "FC Bayern München e.V."]

1. d4 d5 2. c4 e6 3. Nc3 Be7 4. cxd5 exd5 5. Bf4 c6 6. e3 Bd6 7. Bxd6 Qxd6 8.
Bd3 Ne7 9. Qc2 g6 10. f3 Nd7 11. Nge2 O-O 12. O-O c5 13. Qd2 a6 14. Rad1 Nf6
15. Bb1 Nc6 16. Kh1 Be6 17. dxc5 Qxc5 18. Nf4 Rad8 19. Qf2 Rfe8 20. Nce2 Ne5
21. Nd4 Bc8 22. Rfe1 Kg7 23. b3 Kg8 24. Rc1 Qd6 25. Qg3 Bd7 26. Rcd1 Qc5 27.
Qg5 Kg7 28. Nde6+ Bxe6 29. Qxe5 Bg4 30. Qb2 Bc8 31. Rd4 Rd6 32. Qd2 Rd7 33. h3
Kg8 34. Rc1 Qe7 35. Rc3 Qe5 36. a3 Kg7 37. b4 Rdd8 38. Ba2 Be6 39. Nd3 Qg3 40.
Nf4 Rd7 41. e4 g5 42. e5 gxf4 43. exf6+ Kxf6 44. Rxf4+ Ke7 45. Re3 Rg8 46. Rg4
Rxg4 47. fxg4 Qd6 48. Re1 Rd8 49. Qg5+ Kd7 50. Bb1 Kc6 51. Bxh7 d4 52. Bd3 Bd5
53. Rf1 Re8 54. Qf4 Re3 55. Rc1+ 1/2-1/2

[Event "17. OIBM Bad Wiessee"]
[Site "Bad Wiessee"]
[Date "2013.10.30"]
[Round "6.15"]
[White "Stockmann, Michael"]
[Black "Bluebaum, Matthias"]
[Result "0-1"]
[WhiteElo "2275"]
[BlackElo "2510"]
[PlyCount "50"]
[EventDate "2013.??.??"]
[WhiteTeam "SF Schöneck"]
[BlackTeam "SAbt SV Werder Bremen"]

1. d4 d5 2. Nf3 Nf6 3. c4 e6 4. g3 dxc4 5. Bg2 Bb4+ 6. Bd2 a5 7. O-O O-O 8. Nc3
c6 9. Bg5 Nbd7 10. Nd2 Nb6 11. e3 h6 12. Bxf6 Qxf6 13. Qe2 e5 14. a3 Be7 15.
dxe5 Qxe5 16. Nxc4 Nxc4 17. Qxc4 Be6 18. Qe4 Qxe4 19. Bxe4 Rfd8 20. Rac1 Rd2
21. Bc2 Rad8 22. Rfd1 Bf6 23. Kg2 R8d7 24. Kf1 Bxc3 25. bxc3 Rxc2 0-1

[Event "17. OIBM Bad Wiessee"]
[Site "Bad Wiessee"]
[Date "2013.10.30"]
[Round "6.16"]
[White "Pap, Misa"]
[Black "Klundt, Klaus"]
[Result "1-0"]
[WhiteElo "2484"]
[BlackElo "2340"]
[PlyCount "75"]
[EventDate "2013.??.??"]
[WhiteTeam "Sfr. Korbach"]
[BlackTeam "SC Heusenstamm"]

1. e4 c5 2. Nf3 Nc6 3. c3 Nf6 4. e5 Nd5 5. Bc4 Nb6 6. Bb3 c4 7. Bc2 Qc7 8. Qe2
g5 9. h3 Bg7 10. O-O g4 11. hxg4 Nxe5 12. Nxe5 Qxe5 13. Qxe5 Bxe5 14. f4 Bd6
15. d3 cxd3 16. Bxd3 Bc5+ 17. Kh2 d5 18. f5 Bd6+ 19. Bf4 Bxf4+ 20. Rxf4 e5 21.
fxe6 Bxe6 22. Nd2 Ke7 23. Re1 Rag8 24. Nf3 Nd7 25. Bf5 Kd6 26. Nd4 Re8 27. Nb5+
Kc6 28. Rb4 a5 29. Nd4+ Kc7 30. Rb5 b6 31. Nxe6+ fxe6 32. Rxe6 Rxe6 33. Bxe6
Nc5 34. Bxd5 Rd8 35. Bf3 Rd2 36. b4 Rb2 37. a3 Na4 38. Rh5 1-0

[Event "17. OIBM Bad Wiessee"]
[Site "Bad Wiessee"]
[Date "2013.10.30"]
[Round "6.17"]
[White "Carlstedt, Jonathan"]
[Black "Wacker, Peter"]
[Result "1-0"]
[WhiteElo "2421"]
[BlackElo "2293"]
[PlyCount "33"]
[EventDate "2013.??.??"]
[WhiteTeam "SV Diag.Harburg 1926 eV"]
[BlackTeam "Pulheimer SC 1924/57 e.V"]

1. e4 c5 2. Nf3 Nc6 3. b4 cxb4 4. d4 d6 5. d5 Nb8 6. Qd4 Nd7 7. Qxb4 a6 8. Bb2
Ngf6 9. Nbd2 e5 10. dxe6 fxe6 11. Qa4 e5 12. Ng5 Ng4 13. f4 b5 14. Bxb5 Qb6 15.
Qb3 Qe3+ 16. Be2 Qxf4 17. Qe6+ 1-0

[Event "17. OIBM Bad Wiessee"]
[Site "Bad Wiessee"]
[Date "2013.10.30"]
[Round "6.18"]
[White "Meins, Gerlef"]
[Black "Lorenz, Sascha"]
[Result "1-0"]
[WhiteElo "2448"]
[BlackElo "2273"]
[PlyCount "75"]
[EventDate "2013.??.??"]
[WhiteTeam "SAbt SV Werder Bremen"]
[BlackTeam "SK König Tegel 1949 e.V."]

1. d4 Nf6 2. c4 c5 3. d5 e6 4. Nc3 exd5 5. cxd5 d6 6. Nf3 g6 7. g3 Bg7 8. Bg2
O-O 9. O-O Re8 10. Bf4 a6 11. a4 Ne4 12. Nxe4 Rxe4 13. Nd2 Rb4 14. Ra2 Qe7 15.
b3 Be5 16. Bxe5 Qxe5 17. Nc4 Qe7 18. e4 Nd7 19. f4 Nb6 20. Ne3 f5 21. a5 Nd7
22. e5 Rd4 23. Rd2 dxe5 24. fxe5 Rxd2 25. Qxd2 Qxe5 26. Nc4 Qd4+ 27. Qxd4 cxd4
28. Re1 Nf6 29. Nb6 Rb8 30. Re7 d3 31. Rc7 d2 32. Bf3 Bd7 33. Nxd7 Nxd7 34.
Rxd7 Re8 35. Kf2 Re1 36. Rxb7 d1=Q 37. Bxd1 Rxd1 38. b4 1-0

[Event "17. OIBM Bad Wiessee"]
[Site "Bad Wiessee"]
[Date "2013.10.30"]
[Round "6.19"]
[White "Hilverda, Alexander"]
[Black "Gutman, Lev"]
[Result "0-1"]
[WhiteElo "2303"]
[BlackElo "2441"]
[PlyCount "86"]
[EventDate "2013.??.??"]
[WhiteTeam "SC Erlangen 48/88 e.V."]
[BlackTeam "SV Lingen"]

1. d4 Nf6 2. c4 g6 3. Nc3 d5 4. Nf3 Bg7 5. Qb3 dxc4 6. Qxc4 O-O 7. e4 Na6 8.
Be2 c5 9. d5 Bg4 10. O-O Ne8 11. Qb3 Nd6 12. Re1 Qa5 13. Bf4 c4 14. Qc2 Bxf3
15. gxf3 b5 16. a4 b4 17. Nb5 b3 18. Qc1 Rac8 19. Nxa7 c3 20. e5 Rc7 21. Nb5
Rc5 22. bxc3 Nc4 23. Bxc4 Rxc4 24. Re4 Rxe4 25. fxe4 Nc5 26. Qb1 f5 27. exf6
Bxf6 28. e5 Bg7 29. Be3 b2 30. Qxb2 Nd3 31. Qb3 Nxe5 32. d6+ Kh8 33. dxe7 Re8
34. Rd1 h5 35. Qe6 Qxa4 36. Rd5 Qe4 37. Nc7 Nf3+ 38. Kh1 Be5 39. Rxe5 Nxe5+ 40.
Kg1 Rxe7 41. Qf6+ Kg8 42. Qd6 Nf3+ 43. Kg2 Nd2+ 0-1

[Event "17. OIBM Bad Wiessee"]
[Site "Bad Wiessee"]
[Date "2013.10.30"]
[Round "6.20"]
[White "Pezerovic, Edin"]
[Black "Esipenko, Andrey"]
[Result "1/2-1/2"]
[WhiteElo "2439"]
[BlackElo "2248"]
[PlyCount "58"]
[EventDate "2013.??.??"]
[WhiteTeam "Münchener SC 1836 e.V."]

1. d4 Nf6 2. Nf3 d5 3. Bf4 c5 4. c3 Qb6 5. Qb3 c4 6. Qxb6 axb6 7. Nbd2 b5 8. a3
Nc6 9. Rc1 Nh5 10. e3 Nxf4 11. exf4 f6 12. Be2 e6 13. O-O Bd6 14. g3 Kf7 15.
Rfe1 h6 16. h4 h5 17. Nf1 Ne7 18. Ne3 Bd7 19. Bf1 g6 20. Bg2 Rae8 21. Re2 Nc8
22. Bh3 Bc6 23. Rce1 Re7 24. Nc2 Rhe8 25. Re3 Nb6 26. Nb4 Na4 27. R3e2 Nb6 28.
Re3 Na4 29. R3e2 Nb6 1/2-1/2

[Event "17. OIBM Bad Wiessee"]
[Site "Bad Wiessee"]
[Date "2013.10.30"]
[Round "6.21"]
[White "Kvetny, Mark"]
[Black "Mons, Leon"]
[Result "0-1"]
[WhiteElo "2265"]
[BlackElo "2432"]
[PlyCount "80"]
[EventDate "2013.??.??"]
[WhiteTeam "Stuttgarter SF 1879"]
[BlackTeam "SC Forchheim e.V."]

1. d4 d6 2. e4 Nf6 3. Nc3 g6 4. Be3 Bg7 5. f3 c6 6. Qd2 b5 7. Nge2 Nbd7 8. g4
Nb6 9. Ng3 h5 10. g5 Nfd7 11. h4 Qc7 12. a4 bxa4 13. Be2 c5 14. d5 Ne5 15. Nb5
Qb8 16. Na3 Ba6 17. O-O Bxe2 18. Qxe2 O-O 19. c3 Qc8 20. Kg2 a5 21. c4 Qa6 22.
Rac1 Rab8 23. Bd2 Nbd7 24. Bc3 Rb3 25. f4 Ng4 26. Nb5 Bxc3 27. Rxc3 Rxc3 28.
bxc3 Nb6 29. Rf3 Rb8 30. Na3 Nd7 31. Nb5 Nb6 32. Na3 Kg7 33. f5 Nd7 34. Nb5 Qb7
35. f6+ exf6 36. gxf6+ Ndxf6 37. e5 Nxe5 38. Rf2 Qe7 39. Rf4 Neg4 40. Qf3 Re8
0-1

[Event "17. OIBM Bad Wiessee"]
[Site "Bad Wiessee"]
[Date "2013.10.30"]
[Round "6.24"]
[White "Günther, Thomas"]
[Black "Schramm, Christian"]
[Result "0-1"]
[WhiteElo "2082"]
[BlackElo "2396"]
[PlyCount "62"]
[EventDate "2013.??.??"]
[BlackTeam "SC 1959 Obernau"]

1. d4 g6 2. Nf3 Bg7 3. e3 d6 4. c4 Nd7 5. Nc3 Ngf6 6. Be2 O-O 7. O-O e5 8. Rb1
e4 9. Nd2 Re8 10. b4 Nf8 11. Nb3 h5 12. h3 N8h7 13. Re1 Ng5 14. Bf1 Bxh3 15. f4
Bg4 16. Be2 Ngh7 17. Rf1 Bxe2 18. Qxe2 Ng4 19. g3 Nh6 20. Bd2 Nf6 21. Be1 Qd7
22. Kg2 Nf5 23. Bf2 Ng4 24. Rbe1 a5 25. bxa5 c5 26. Nb5 cxd4 27. exd4 d5 28. c5
h4 29. gxh4 Nxf2 30. Kxf2 Bf6 31. Kg2 Bxh4 0-1

[Event "17. OIBM Bad Wiessee"]
[Site "Bad Wiessee"]
[Date "2013.10.30"]
[Round "6.25"]
[White "Moor, Oliver"]
[Black "Schäfer, Michael"]
[Result "1/2-1/2"]
[WhiteElo "2391"]
[BlackElo "2151"]
[PlyCount "97"]
[EventDate "2013.??.??"]
[BlackTeam "FB Mörlenbach-Birkenau"]

1. d4 Nf6 2. c4 e6 3. Nf3 d5 4. Nc3 Be7 5. Bg5 h6 6. Bh4 O-O 7. e3 Ne4 8. Bxe7
Qxe7 9. Rc1 c6 10. Bd3 Nxc3 11. Rxc3 Nd7 12. O-O e5 13. dxe5 dxc4 14. Rxc4 Nxe5
15. Re4 Nxf3+ 16. Qxf3 Be6 17. Bc4 Rad8 18. Bxe6 fxe6 19. Qe2 Rf5 20. Qg4 Rf6
21. Rd1 Rd5 22. Red4 Qd8 23. Qe4 Qb6 24. b3 Qa6 25. Qc2 Qb6 26. Qb2 Rf8 27. e4
Rxd4 28. Qxd4 Qxd4 29. Rxd4 Rf7 30. Rd8+ Rf8 31. Rd6 e5 32. Kf1 Rf6 33. Rd3 Rf7
34. Rd8+ Rf8 35. Rd2 Rf7 36. Ke2 Kf8 37. Rd6 Rc7 38. Rd8+ Ke7 39. Ra8 b6 40. g3
Kd6 41. f4 exf4 42. gxf4 c5 43. Ke3 b5 44. e5+ Ke7 45. Kd3 Ke6 46. Re8+ Kf5 47.
Rf8+ Ke6 48. Re8+ Kf5 49. Rf8+ 1/2-1/2

[Event "17. OIBM Bad Wiessee"]
[Site "Bad Wiessee"]
[Date "2013.10.30"]
[Round "6.26"]
[White "Graf, Alexander"]
[Black "Walter, Thomas"]
[Result "1-0"]
[WhiteElo "2607"]
[BlackElo "2082"]
[PlyCount "75"]
[EventDate "2013.??.??"]
[WhiteTeam "USV Volksbank Halle"]
[BlackTeam "SC Erlangen 48/88 e.V."]

1. d4 Nf6 2. c4 e6 3. Nc3 Bb4 4. e3 b6 5. Bd3 Bb7 6. Nf3 Ne4 7. O-O Bxc3 8.
bxc3 f5 9. Ne1 O-O 10. f3 Nf6 11. Ba3 d6 12. c5 Nd5 13. cxd6 cxd6 14. Nc2 Nxc3
15. Qd2 Nd5 16. e4 Ne7 17. d5 e5 18. f4 fxe4 19. Bxe4 Rxf4 20. Rxf4 exf4 21.
Qxf4 Nd7 22. Qxd6 Nc5 23. Bxc5 bxc5 24. Qe6+ Kh8 25. d6 Nc6 26. Rb1 Bc8 27. Qd5
Bd7 28. Qxc5 Rc8 29. Qh5 Qg8 30. Rb7 Be8 31. Qh3 Rb8 32. d7 Bg6 33. Bxc6 Bxc2
34. Rxb8 Qxb8 35. Qe3 Qb1+ 36. Kf2 h6 37. d8=Q+ Kh7 38. Bd5 1-0

[Event "17. OIBM Bad Wiessee"]
[Site "Bad Wiessee"]
[Date "2013.10.30"]
[Round "6.28"]
[White "Zude, Arno"]
[Black "Bodach, Hans"]
[Result "1/2-1/2"]
[WhiteElo "2416"]
[BlackElo "2199"]
[PlyCount "62"]
[EventDate "2013.??.??"]
[WhiteTeam "SV 1920 Hofheim"]
[BlackTeam "SV Dresden-Leuben"]

1. e4 c5 2. Nf3 d6 3. d4 cxd4 4. Nxd4 Nf6 5. Nc3 g6 6. Be2 Bg7 7. O-O O-O 8.
Bg5 Nc6 9. Nb3 Be6 10. Kh1 Rc8 11. f4 Re8 12. f5 Bxb3 13. axb3 a6 14. Qd2 Ne5
15. Bd3 Rc6 16. Bxf6 Bxf6 17. Nd5 Bg7 18. c3 Qd7 19. Be2 Qd8 20. Qf4 e6 21. Nb4
Rb6 22. Qf2 Qc7 23. f6 Bf8 24. Ra5 Rc8 25. Qd4 Rxb4 26. cxb4 Nc6 27. Qc4 Nxa5
28. bxa5 Qd8 29. Qb4 Qc7 30. Qc4 Qd8 31. Qb4 Qc7 1/2-1/2

[Event "17. OIBM Bad Wiessee"]
[Site "Bad Wiessee"]
[Date "2013.10.30"]
[Round "6.29"]
[White "Berchtenbreiter, Max"]
[Black "Valenti, Giuseppe"]
[Result "1-0"]
[WhiteElo "2405"]
[BlackElo "2177"]
[PlyCount "93"]
[EventDate "2013.??.??"]
[WhiteTeam "SG Pang-Rosenheim 1910 e.V."]

1. e4 e6 2. b3 d5 3. Bb2 dxe4 4. Nc3 Nd7 5. Nxe4 Ngf6 6. Nxf6+ Nxf6 7. Nf3 Be7
8. g3 O-O 9. Bg2 a6 10. O-O c5 11. Qe2 Bd7 12. Ne5 Qc7 13. Rad1 Rad8 14. a4 Bc8
15. Rfe1 Rfe8 16. Ra1 Nd5 17. c4 Nf6 18. a5 Bf8 19. Bc3 Bd6 20. Qf3 Re7 21. d4
cxd4 22. Bxd4 Bc5 23. Bc3 Bd4 24. Bxd4 Rxd4 25. Qc3 Rd8 26. b4 Ree8 27. Bf3 h6
28. c5 Nd5 29. Qb2 Bd7 30. Bh5 Re7 31. Ra3 Nf6 32. Bf3 Bb5 33. Rc3 Nd5 34. Rcc1
Ree8 35. Re4 Re7 36. Rd1 Qb8 37. h3 Qc7 38. Kg2 Qb8 39. Rg4 Nf6 40. Nd7 Rdxd7
41. Qxf6 g6 42. Rh4 Qf8 43. Rhd4 Qc8 44. Qxe7 Rxe7 45. Rd8+ Qxd8 46. Rxd8+ Kg7
47. Rb8 1-0

[Event "17. OIBM Bad Wiessee"]
[Site "Bad Wiessee"]
[Date "2013.10.30"]
[Round "6.30"]
[White "Morawietz, Dieter"]
[Black "Kick, Joachim"]
[Result "1-0"]
[WhiteElo "2392"]
[BlackElo "2171"]
[PlyCount "75"]
[EventDate "2013.??.??"]
[WhiteTeam "Klub Kölner SF e.V. 1"]
[BlackTeam "SG Rochade Kuppenheim 1979 e.V."]

1. e4 c5 2. Nf3 Nc6 3. d4 cxd4 4. Nxd4 Nf6 5. Nc3 e5 6. Ndb5 d6 7. Bg5 a6 8.
Na3 b5 9. Bxf6 gxf6 10. Nd5 f5 11. Bd3 Be6 12. c3 Bg7 13. Nxb5 axb5 14. Bxb5
Bd7 15. exf5 O-O 16. O-O e4 17. a4 Rc8 18. Qg4 Re8 19. Rfd1 Re5 20. Ne3 Qf6 21.
Nc4 Bxf5 22. Qg3 d5 23. Nxe5 Nxe5 24. Rxd5 Kh8 25. Qf4 Be6 26. Qxf6 Bxf6 27.
Rd2 Rb8 28. h3 Bxh3 29. Rd6 Be6 30. Re1 Be7 31. Rxe6 fxe6 32. Rxe4 Bd6 33. f4
Ng4 34. g3 Bc5+ 35. Kg2 Rd8 36. Rxe6 Rd1 37. b4 Be3 38. Kf3 1-0

[Event "17. OIBM Bad Wiessee"]
[Site "Bad Wiessee"]
[Date "2013.10.30"]
[Round "6.31"]
[White "Rambaldi, Francesco"]
[Black "Smits, Mark"]
[Result "1-0"]
[WhiteElo "2361"]
[BlackElo "2163"]
[PlyCount "117"]
[EventDate "2013.??.??"]
[BlackTeam "Paul Keres"]

1. d4 Nf6 2. c4 g6 3. Nc3 Bg7 4. e4 d6 5. Nge2 c6 6. Ng3 a6 7. Be2 b5 8. O-O
bxc4 9. d5 cxd5 10. Nxd5 Nbd7 11. Bxc4 O-O 12. Nxf6+ Nxf6 13. Qe2 a5 14. Bf4
Ng4 15. Rac1 a4 16. Bd5 Rb8 17. b3 axb3 18. Bxb3 Ne5 19. Rfd1 Qa5 20. Qc2 Bg4
21. f3 Be6 22. Bxe6 fxe6 23. Bd2 Qa3 24. Bc3 Rfc8 25. Ne2 Bh6 26. Rb1 Rxb1 27.
Rxb1 Qa7+ 28. Kh1 Qe3 29. Qb3 Kf7 30. Bxe5 Qxe2 31. Bd4 Rc2 32. Rg1 Rxa2 33.
Qb8 Bf8 34. h3 Qd2 35. Qb6 Bh6 36. Qb3 Bf4 37. Qd1 e5 38. Qb3+ Kf6 39. Bc3 Qc2
40. Qg8 Be3 41. Be1 h6 42. Bh4+ Bg5 43. Qf8+ Ke6 44. Bxg5 hxg5 45. Qg7 Qd2 46.
Qxg6+ Kd7 47. Qf5+ Kc7 48. Qg4 Rc2 49. h4 gxh4 50. Qxh4 Kc6 51. Qh3 Kc5 52. Qe6
Kd4 53. Kh2 Qg5 54. Rd1+ Kc3 55. Qc8+ Kb2 56. Qb7+ Kc3 57. Qc6+ Kb2 58. Qb5+
Kc3 59. Rd3# 1-0

[Event "17. OIBM Bad Wiessee"]
[Site "Bad Wiessee"]
[Date "2013.10.30"]
[Round "6.32"]
[White "Deglmann, Ludwig"]
[Black "Heimerdinger, Joerg"]
[Result "1/2-1/2"]
[WhiteElo "2351"]
[BlackElo "2150"]
[PlyCount "62"]
[EventDate "2013.??.??"]
[WhiteTeam "SK Weilheim"]
[BlackTeam "TSV Bindlach Aktionär-Schachabte"]

1. d4 Nf6 2. c4 g6 3. Nc3 Bg7 4. e4 d6 5. f3 O-O 6. Be3 Nc6 7. Nge2 e5 8. d5
Ne7 9. Qd2 Ne8 10. g4 f5 11. gxf5 gxf5 12. O-O-O f4 13. Bf2 a6 14. Kb1 Bd7 15.
Nc1 Rb8 16. c5 dxc5 17. Bxc5 Nd6 18. Nb3 Qe8 19. Rc1 Qh5 20. Be2 Bf6 21. Bf2
Kh8 22. Nd1 Bh3 23. Rg1 Rbc8 24. Rc2 Rg8 25. Qb4 Rxg1 26. Bxg1 Qg6 27. Bc5 Nxd5
28. Qd2 Ne7 29. Bxd6 cxd6 30. Qxd6 Nc6 31. Nc3 Be7 1/2-1/2

[Event "17. OIBM Bad Wiessee"]
[Site "Bad Wiessee"]
[Date "2013.10.30"]
[Round "6.33"]
[White "Kaiser, Elmar"]
[Black "Rosen, Bernd"]
[Result "0-1"]
[WhiteElo "2158"]
[BlackElo "2341"]
[PlyCount "66"]
[EventDate "2013.??.??"]
[WhiteTeam "SK Tauberbischofsheim"]
[BlackTeam "SF Katernberg 1913 e.V"]

1. Nf3 c5 2. e4 e6 3. d4 cxd4 4. c3 Nf6 5. e5 Nd5 6. cxd4 d6 7. a3 Nc6 8. Bd3
Qa5+ 9. Nbd2 Nf4 10. Bc4 dxe5 11. O-O exd4 12. Ne4 Nd5 13. Nxd4 Be7 14. b4 Qd8
15. Bb2 O-O 16. Nxc6 bxc6 17. Qe2 a5 18. bxa5 Qxa5 19. Rfc1 Rd8 20. Qg4 e5 21.
Qh5 f6 22. Bd3 g6 23. Qh4 Bd7 24. Bc4 Kg7 25. Ng3 Rab8 26. Ra2 Qd2 27. Ne4 Qf4
28. Qxf4 Nxf4 29. g3 Nd5 30. a4 Nb4 31. Raa1 Bf5 32. f3 Nd3 33. Bxd3 Rxd3 0-1

[Event "17. OIBM Bad Wiessee"]
[Site "Bad Wiessee"]
[Date "2013.10.30"]
[Round "6.34"]
[White "Bianco, Valerio"]
[Black "Welling, Gerard"]
[Result "0-1"]
[WhiteElo "2157"]
[BlackElo "2336"]
[PlyCount "102"]
[EventDate "2013.??.??"]
[WhiteTeam "Assoc. Dilettantistica Scacchi G"]
[BlackTeam "WLC Eindhofen"]

1. d4 d6 2. c4 e5 3. Nf3 Nd7 4. Nc3 g6 5. dxe5 dxe5 6. e4 c6 7. Be2 Bg7 8. O-O
Nh6 9. h3 f6 10. Rb1 O-O 11. b4 Qc7 12. Qc2 Rd8 13. c5 Nf8 14. Bc4+ Be6 15.
Bxe6+ Nxe6 16. Qb3 Qe7 17. Be3 Nf7 18. Rfd1 Bh6 19. Bxh6 Nxh6 20. Ne2 Nf7 21.
Rb2 Rxd1+ 22. Qxd1 a5 23. a3 axb4 24. axb4 Kf8 25. Ne1 Ke8 26. f3 Rd8 27. Qb3
Qd7 28. Kf1 Ke7 29. Ra2 Qd1 30. Qxd1 Rxd1 31. Rb2 Nfd8 32. Kf2 Nc7 33. Nc3 Rd4
34. Ke2 Nde6 35. g3 Rd8 36. Nc2 Nd4+ 37. Nxd4 exd4 38. Nd1 Ra8 39. Nf2 Ra1 40.
f4 Nb5 41. Rb3 Ke6 42. Nd1 f5 43. exf5+ Kxf5 44. Nf2 Ke6 45. Kd3 Kd5 46. g4 Ra2
47. Ne4 Rh2 48. Nf6+ Ke6 49. g5 Rxh3+ 50. Kc2 Rxb3 51. Kxb3 h5 0-1

[Event "17. OIBM Bad Wiessee"]
[Site "Bad Wiessee"]
[Date "2013.10.30"]
[Round "6.35"]
[White "Marzano, Carlo"]
[Black "Sedina, Elena"]
[Result "1/2-1/2"]
[WhiteElo "2156"]
[BlackElo "2312"]
[PlyCount "40"]
[EventDate "2013.??.??"]

1. d4 d5 2. Nf3 Nf6 3. c4 dxc4 4. e3 Bg4 5. Bxc4 e6 6. h3 Bh5 7. O-O Nc6 8. b3
Bd6 9. Bb2 O-O 10. Nbd2 Qe7 11. Be2 Ba3 12. Bxa3 Qxa3 13. Nc4 Qe7 14. Nfe5 Bxe2
15. Nxc6 Qe8 16. Qxe2 Qxc6 17. Rac1 Rad8 18. Rc2 Qd5 19. b4 c6 20. Rfc1 Rfe8
1/2-1/2

[Event "17. OIBM Bad Wiessee"]
[Site "Bad Wiessee"]
[Date "2013.10.30"]
[Round "6.38"]
[White "Ott, Florian"]
[Black "Cordts, Ingo"]
[Result "0-1"]
[WhiteElo "2135"]
[BlackElo "2296"]
[PlyCount "68"]
[EventDate "2013.??.??"]
[WhiteTeam "SG Siemens Amberg"]
[BlackTeam "Ford-SF Köln e.V."]

1. d4 d5 2. c4 c6 3. Nf3 Nf6 4. Nc3 dxc4 5. a4 Bf5 6. e3 e6 7. Bxc4 Bb4 8. O-O
O-O 9. Qe2 Bg6 10. Ne5 Nbd7 11. Nxg6 hxg6 12. Rd1 Qa5 13. e4 Bxc3 14. bxc3 Qxc3
15. Rb1 b6 16. Bb3 Qb4 17. e5 Nd5 18. Rd3 Rfe8 19. Bd2 Qe7 20. Rh3 f5 21. exf6
gxf6 22. Qg4 Nf8 23. Qh4 Qg7 24. Bh6 Qf7 25. Rc1 Rac8 26. Bxf8 Kxf8 27. Bxd5
exd5 28. Rf3 Kg7 29. Rfc3 Re4 30. Qh3 Qe6 31. Qxe6 Rxe6 32. f3 Kf7 33. a5 Ke7
34. axb6 axb6 0-1

[Event "17. OIBM Bad Wiessee"]
[Site "Bad Wiessee"]
[Date "2013.10.30"]
[Round "6.39"]
[White "Rausch, Stephan"]
[Black "Hecht, Carsten"]
[Result "1/2-1/2"]
[WhiteElo "2294"]
[BlackElo "2078"]
[PlyCount "85"]
[EventDate "2013.??.??"]
[WhiteTeam "SG Leipzig"]
[BlackTeam "SK Blauer Springer Paderborn 192"]

1. d4 Nf6 2. Nf3 g6 3. Nc3 d5 4. Bf4 Bg7 5. e3 O-O 6. Be2 c6 7. h3 Nbd7 8. O-O
b6 9. a4 Bb7 10. a5 Ne4 11. a6 Nxc3 12. bxc3 Bc8 13. c4 Nf6 14. Ne5 Bd7 15. Bh2
Rc8 16. c3 Be6 17. Bf3 c5 18. Qa4 Qe8 19. Qa2 dxc4 20. Bb7 Nd5 21. Bxc8 Qxc8
22. Qb2 cxd4 23. exd4 f6 24. Nf3 Bf5 25. Rfe1 Bh6 26. Ra3 Bf4 27. Bxf4 Nxf4 28.
Rxe7 Bxh3 29. Ne1 Qg4 30. f3 Qg5 31. Ra2 Nd5 32. Re2 Nf4 33. Qb4 b5 34. Re4 Bf5
35. Qxb5 Nh3+ 36. Kh2 Bxe4 37. Qxg5 Nxg5 38. fxe4 Nxe4 39. Rb2 Nxc3 40. Rb7 Rf7
41. Rb8+ Rf8 42. Rb7 Rf7 43. Rb8+ 1/2-1/2